[Event "DEM U12w 2017"]
[Site "Willingen GER"]
[Date "2017.06.09"]
[Round "9"]
[White "Breß, Amy Charlize"]
[Black "Bashylina, Luisa"]
[Result "1/2-1/2"]
[Termination "normal"]
[Board "7"]
[WhiteElo "1655"]
[BlackElo "1525"]
[PlyCount "83"]
[WhiteFideId "16233786"]
[BlackFideId "12983292"]
[EventCountry "GER"]
[EventRounds "11"]
[EventType "swiss"]
[EventDate "2017.06.03"]

1. Nc3 c5 2. Nf3 e6 3. d4 d5 4. e4 c4 5. Be2 Nf6 6. Bg5 Be7 7. e5 Ng8 8. Bxe7
Nxe7 9. O-O a6 10. a4 Nbc6 11. Ne1 Nf5 12. Nf3 Qb6 13. Qd2 Ncxd4 14. Rfd1 Nxf3+
15. Bxf3 O-O 16. Rab1 Qc7 17. Re1 Bd7 18. Bg4 Ne7 19. b3 b5 20. Re3 Rac8 21.
Rbe1 Nc6 22. axb5 d4 23. bxc6 dxe3 24. Qxd7 exf2+ 25. Kxf2 Qxc6 26. Qxc6 Rxc6
27. Re3 Rfc8 28. Na4 Rd8 29. Rc3 Rdc8 30. Bf3 R6c7 31. Nb6 cxb3 32. Rxc7 Rxc7
33. cxb3 Rc3 34. Bd1 Rc5 35. Be2 a5 36. Nc4 Rb5 37. Bd1 Kf8 38. Ke3 f6 39. Ke4
f5+ 40. Ke3 Ke7 41. Bc2 g6 42. g3 1/2-1/2

[Event "DEM U12w 2017"]
[Site "Willingen GER"]
[Date "2017.06.09"]
[Round "9"]
[White "Werner, Rosalie"]
[Black "Stowicek, Yara Mathilda"]
[Result "0-1"]
[Termination "normal"]
[Board "8"]
[WhiteElo "1397"]
[BlackElo "1455"]
[PlyCount "116"]
[WhiteFideId "16223748"]
[BlackFideId "16203569"]
[EventCountry "GER"]
[EventRounds "11"]
[EventType "swiss"]
[EventDate "2017.06.03"]

1. e4 e5 2. Nf3 Nc6 3. Bc4 Bc5 4. c3 Nf6 5. d3 d6 6. h3 a6 7. Bb3 Ba7 8. Nbd2
O-O 9. O-O Kh8 10. Re1 Nh5 11. Nf1 Qf6 12. Qe2 Nf4 13. Bxf4 Qxf4 14. Ng3 Qxg3
15. d4 Qg6 16. Nh4 Qf6 17. Nf3 exd4 18. e5 dxe5 19. Nxe5 Nxe5 20. Qxe5 Qxe5 21.
Rxe5 Be6 22. Rd1 Bxb3 23. axb3 Rae8 24. cxd4 Rxe5 25. dxe5 g6 26. Kf1 Kg7 27.
f4 Be3 28. g3 Re8 29. Ke2 Bb6 30. Kf3 Kf8 31. Rd7 Re6 32. g4 Ke8 33. Rd2 Re7
34. Ke4 f6 35. Rd5 fxe5 36. Rxe5 Rxe5+ 37. Kxe5 Kf7 38. f5 Be3 39. b4 Bd2 40.
b5 axb5 41. Kd5 gxf5 42. gxf5 Kf6 43. Ke4 c5 44. h4 c4 45. h5 Bc1 46. b4 cxb3
47. Kd3 Kxf5 48. Kc3 b2 49. Kc2 Kg5 50. Kb1 Kxh5 51. Kc2 Kg5 52. Kb1 h5 53. Ka2
h4 54. Kb1 h3 55. Kc2 h2 56. Kb1 h1=Q 57. Ka2 Qd5+ 58. Ka3 b1=R# 0-1

[Event "DEM U12w 2017"]
[Site "Willingen GER"]
[Date "2017.06.09"]
[Round "9"]
[White "Bayer, Melissa"]
[Black "Zöllner, Bente"]
[Result "1/2-1/2"]
[Termination "normal"]
[Board "9"]
[WhiteElo "1583"]
[BlackElo "1397"]
[PlyCount "145"]
[WhiteFideId "16206916"]
[BlackFideId "16230523"]
[EventCountry "GER"]
[EventRounds "11"]
[EventType "swiss"]
[EventDate "2017.06.03"]

1. e4 c5 2. Nf3 Nc6 3. d4 cxd4 4. Nxd4 g6 5. Be3 Bg7 6. Nc3 Nf6 7. f3 O-O 8.
Bc4 Qb6 9. Bb3 Nxe4 10. Nxe4 Bxd4 11. Bxd4 Qxd4 12. c3 Qxd1+ 13. Rxd1 d6 14.
Kf2 Kg7 15. h4 h5 16. Ng5 Ne5 17. Rd4 Bf5 18. Ke3 Nc6 19. Rdd1 Na5 20. Ne4 Nxb3
21. axb3 Bxe4 22. Kxe4 f5+ 23. Ke3 Kf6 24. Rhe1 Rfc8 25. Rd4 Rc5 26. Kf2 Rb5
27. b4 a5 28. Ra1 d5 29. g3 b6 30. Ra2 Rc8 31. bxa5 bxa5 32. Ke3 Ke5 33. f4+
Kd6 34. Rda4 Rcc5 35. Kd3 e5 36. fxe5+ Kxe5 37. Rf4 Rc6 38. Rd4 g5 39. b4 axb4
40. Re2+ Kf6 41. cxb4 Rc1 42. hxg5+ Kxg5 43. Rf4 Rg1 44. Re3 Rxg3 45. Rd4 Rxe3+
46. Kxe3 h4 47. Kf3 Rb6 48. Rxd5 Rxb4 49. Rd8 Rb3+ 50. Kg2 Kg4 51. Rg8+ Kf4 52.
Rh8 Kg5 53. Rg8+ Kf4 54. Rh8 Rb2+ 55. Kh3 Kf3 56. Rf8 f4 57. Kxh4 Rb4 58. Re8
Kf2 59. Re5 f3+ 60. Kh3 Kf1 61. Kg3 f2 62. Kh2 Rb2 63. Re3 Re2 64. Ra3 Re8 65.
Ra2 Ke1 66. Ra1+ Ke2 67. Ra2+ Kf3 68. Ra3+ Re3 69. Ra1 Rd3 70. Rb1 Ke2 71. Kg2
Rd1 72. Rxd1 Kxd1 73. Kxf2 1/2-1/2

[Event "DEM U12w 2017"]
[Site "Willingen GER"]
[Date "2017.06.09"]
[Round "9"]
[White "Wiemann, Vanessa"]
[Black "Doll, Rebecca"]
[Result "0-1"]
[Termination "normal"]
[Board "10"]
[WhiteElo "1305"]
[BlackElo "1473"]
[PlyCount "116"]
[WhiteFideId "12942987"]
[BlackFideId "16236890"]
[EventCountry "GER"]
[EventRounds "11"]
[EventType "swiss"]
[EventDate "2017.06.03"]

1. e4 e5 2. Nf3 Nc6 3. Bc4 Bc5 4. c3 Nf6 5. d4 exd4 6. cxd4 Bb4+ 7. Bd2 Nxe4 8.
Bxb4 Nxb4 9. Bxf7+ Kxf7 10. Qb3+ Kf8 11. Qxb4+ Qe7 12. Qxe7+ Kxe7 13. O-O Re8
14. Re1 Kf8 15. Nc3 Nxc3 16. Rxe8+ Kxe8 17. bxc3 d6 18. Re1+ Kf8 19. Ng5 h6 20.
Ne4 Bf5 21. Ng3 Bg6 22. a3 Re8 23. Rxe8+ Kxe8 24. Kf1 Kd7 25. Ke2 Kc6 26. f4
Kd7 27. Ke3 Ke6 28. c4 Bc2 29. Kd2 Bb1 30. Ke3 c6 31. Ne4 Bxe4 32. Kxe4 d5+ 33.
cxd5+ cxd5+ 34. Ke3 b5 35. g3 a5 36. Kd3 Kf5 37. h3 g6 38. Ke3 h5 39. Kd3 h4
40. gxh4 Kxf4 41. Kc3 Kg3 42. Kb3 Kxh3 43. Kc3 Kxh4 44. Kd3 g5 45. Ke3 g4 46.
Kd3 g3 47. Ke3 g2 48. Kf2 Kh3 49. Kg1 b4 50. axb4 axb4 51. Kf2 Kh2 52. Ke3
g1=Q+ 53. Kd3 Qg3+ 54. Kc2 Qc3+ 55. Kd1 Qb2 56. Ke1 Kg3 57. Kd1 Kf3 58. Ke1
Qe2# 0-1

[Event "DEM U12w 2017"]
[Site "Willingen GER"]
[Date "2017.06.09"]
[Round "9"]
[White "Evering, Enna"]
[Black "Adelhardt, Lisa"]
[Result "1-0"]
[Termination "normal"]
[Board "11"]
[WhiteElo "1419"]
[BlackElo "1324"]
[PlyCount "97"]
[WhiteFideId "16218213"]
[BlackFideId "16235380"]
[EventCountry "GER"]
[EventRounds "11"]
[EventType "swiss"]
[EventDate "2017.06.03"]

1. e4 e5 2. Nf3 Nc6 3. d4 exd4 4. Nxd4 Bc5 5. Nb3 Bb6 6. Nc3 Qf6 7. Qe2 Nge7 8.
Be3 O-O 9. O-O-O Rd8 10. h4 h6 11. g4 Bxe3+ 12. Qxe3 Ne5 13. g5 Qf3 14. Qxf3
Nxf3 15. Be2 Ne5 16. gxh6 gxh6 17. Rdg1+ Kh7 18. f4 N5g6 19. f5 Ne5 20. Nb5 c6
21. Nd6 b6 22. h5 a5 23. f6 Ng8 24. Rg7+ Kh8 25. Nxf7+ Nxf7 26. Rxf7 d6 27. Rc7
Nxf6 28. Rxc6 Nxe4 29. Rxb6 Ng3 30. Rh2 Ne4 31. Bf3 d5 32. Re2 Bf5 33. Rxh6+
Kg7 34. Rb6 Kh7 35. Nd4 Rg8 36. Bxe4 Rg1+ 37. Kd2 Bxe4 38. Rh2 Ra1 39. a3 Rg1
40. Ne2 Rg5 41. Nc3 Bf3 42. Ke3 Rxh5 43. Rxh5+ Bxh5 44. Nxd5 Re8+ 45. Kd4 Rd8
46. Rb5 a4 47. Ra5 Be8 48. Ke5 Kg7 49. Nc7 1-0

[Event "DEM U12w 2017"]
[Site "Willingen GER"]
[Date "2017.06.09"]
[Round "9"]
[White "Karlinger De la Quintana, Ainhoa"]
[Black "Hentschel, Lena"]
[Result "1-0"]
[Termination "normal"]
[Board "12"]
[WhiteElo "1344"]
[BlackElo "1305"]
[PlyCount "143"]
[WhiteFideId "16217268"]
[BlackFideId "16240324"]
[EventCountry "GER"]
[EventRounds "11"]
[EventType "swiss"]
[EventDate "2017.06.03"]

1. b4 d5 2. Bb2 Qd6 3. a3 e5 4. e3 Be6 5. Nf3 Nd7 6. Be2 Be7 7. O-O Ngf6 8. Qc1
O-O 9. c4 c6 10. c5 Qc7 11. Nc3 Rfe8 12. Qc2 h6 13. Rac1 Bg4 14. h3 Bh5 15.
Rfd1 e4 16. Nd4 Bxe2 17. Ncxe2 Ne5 18. Nf4 Nh7 19. Nde2 Bg5 20. d3 Nf6 21. dxe4
Nxe4 22. Nd3 Nxd3 23. Qxd3 Re6 24. Nc3 Nxc3 25. Bxc3 Rae8 26. Bd4 Bf6 27. Bxf6
Rxf6 28. Re1 Rd8 29. Rcd1 Qe7 30. e4 d4 31. Re2 Rg6 32. f4 Qh4 33. Rf2 Rg3 34.
Rf3 Rxf3 35. Qxf3 g6 36. Qf2 Qxf2+ 37. Kxf2 Kf8 38. e5 Ke7 39. Kf3 Ke6 40. Ke4
f5+ 41. exf6 Kxf6 42. Rxd4 Rxd4+ 43. Kxd4 Kf5 44. Ke3 g5 45. g4+ Kf6 46. f5 Ke5
47. Kd2 a6 48. a4 Kd5 49. Kd3 Ke5 50. Kc4 Kf6 51. Kd4 Ke7 52. Kc4 Kf6 53. b5 a5
54. bxc6 bxc6 55. Kd4 h5 56. Ke4 hxg4 57. hxg4 Ke7 58. Ke5 Kf7 59. Kd6 Kf6 60.
Kxc6 Ke7 61. Kb6 Kd7 62. c6+ Kc8 63. f6 Kd8 64. c7+ Kd7 65. f7 Ke7 66. c8=Q
Kxf7 67. Qc6 Ke7 68. Qg6 Kf8 69. Qh7 Ke8 70. Qg7 Kd8 71. Qf7 Kc8 72. Qe8# 1-0

[Event "DEM U12w 2017"]
[Site "Willingen GER"]
[Date "2017.06.09"]
[Round "9"]
[White "Erdösi, Anna"]
[Black "Schulz, Hannah"]
[Result "0-1"]
[Termination "normal"]
[Board "13"]
[WhiteElo "1321"]
[BlackElo "1218"]
[PlyCount "92"]
[WhiteFideId "12993883"]
[BlackFideId "16244745"]
[EventCountry "GER"]
[EventRounds "11"]
[EventType "swiss"]
[EventDate "2017.06.03"]

1. e4 c6 2. d4 d5 3. exd5 cxd5 4. Bd3 Nc6 5. c3 Nf6 6. h3 e5 7. Be3 Bd6 8. Nd2
O-O 9. Ne2 Bd7 10. O-O Rc8 11. Nb3 b6 12. Qd2 e4 13. Bc2 Re8 14. Rac1 a5 15.
Qd1 Bb8 16. Nd2 Nh5 17. c4 Qc7 18. g3 dxc4 19. Bxe4 Bxh3 20. Re1 b5 21. b3 Qd7
22. bxc4 bxc4 23. Rxc4 Be6 24. Rc5 Nf6 25. Bxc6 Rxc6 26. Rxa5 Bc7 27. Ra7 Bd5
28. Bf4 Qh3 29. f3 Bxf4 30. Nxf4 Qxg3+ 31. Ng2 Rxe1+ 32. Qxe1 Qb8 33. Ra3 Re6
34. Qd1 Qb2 35. Ra5 Qxd4+ 36. Kh2 Bxf3 37. Qxf3 Qxd2 38. Ra8+ Ne8 39. Qc6 Qh6+
40. Kg3 Qg5+ 41. Kf2 Kf8 42. Qb7 Qd2+ 43. Kf1 Rf6+ 44. Kg1 Qf2+ 45. Kh1 Rh6+
46. Nh4 Rxh4# 0-1

[Event "DEM U12w 2017"]
[Site "Willingen GER"]
[Date "2017.06.09"]
[Round "9"]
[White "Jünk, Ellen"]
[Black "Gehrke, Gina Celina"]
[Result "1-0"]
[Termination "normal"]
[Board "15"]
[WhiteElo "1446"]
[BlackElo "1435"]
[PlyCount "85"]
[WhiteFideId "16206487"]
[BlackFideId "16205979"]
[EventCountry "GER"]
[EventRounds "11"]
[EventType "swiss"]
[EventDate "2017.06.03"]

1. e4 c5 2. Nf3 g6 3. d4 cxd4 4. Nxd4 Nc6 5. c4 Bg7 6. Be3 d6 7. Nc3 Nf6 8. Be2
O-O 9. O-O a6 10. f3 Bd7 11. Rc1 Rc8 12. Qd2 Rc7 13. b3 Qc8 14. Nd5 Nxd5 15.
exd5 Nxd4 16. Bxd4 Bf5 17. Bb6 Rd7 18. g4 Bxg4 19. fxg4 e6 20. g5 Qe8 21. Bg4
Be5 22. Rcd1 Re7 23. Qg2 Qd7 24. dxe6 fxe6 25. Rxf8+ Kxf8 26. Qf3+ Kg7 27. Rf1
Rf7 28. Qxf7+ Qxf7 29. Rxf7+ Kxf7 30. h4 d5 31. cxd5 exd5 32. Bc5 Bg3 33. Bf2
Be5 34. Bc8 d4 35. Bxb7 d3 36. Kf1 d2 37. Ke2 Bc3 38. Bxa6 Ke6 39. Be3 Kd5 40.
Bxd2 Bxd2 41. Kxd2 Ke4 42. b4 Kd5 43. Ke3 1-0

[Event "DEM U12w 2017"]
[Site "Willingen GER"]
[Date "2017.06.09"]
[Round "9"]
[White "Petersen, Sophie"]
[Black "Schneider, Anna"]
[Result "1/2-1/2"]
[Termination "normal"]
[Board "16"]
[WhiteElo "1498"]
[BlackElo "1412"]
[PlyCount "175"]
[WhiteFideId "16229380"]
[BlackFideId "16200527"]
[EventCountry "GER"]
[EventRounds "11"]
[EventType "swiss"]
[EventDate "2017.06.03"]

1. e4 e5 2. Nf3 Nc6 3. Bc4 Bc5 4. c3 Nf6 5. d4 exd4 6. cxd4 Bb4+ 7. Bd2 Bxd2+
8. Nbxd2 d5 9. exd5 Nxd5 10. O-O Nce7 11. h3 O-O 12. Re1 c6 13. a3 Re8 14. Ne4
h6 15. Qd2 Nf5 16. Ba2 Be6 17. Nc5 Qc7 18. Rac1 Rac8 19. b4 b6 20. Ne4 Qd8 21.
Ne5 Nde7 22. Bxe6 fxe6 23. Nf3 Ng6 24. Ng3 Qd5 25. Nxf5 exf5 26. Qb2 Nf4 27.
Qc3 Red8 28. a4 Kh8 29. Qe3 Ng6 30. Qe6 Nf4 31. Qxd5 Nxd5 32. b5 cxb5 33. axb5
Nf6 34. Rcd1 Rc2 35. Ne5 Kh7 36. Nc6 Ra8 37. d5 a6 38. bxa6 Ne4 39. f3 Nc3 40.
Rd3 Nxd5 41. Rxd5 Rxc6 42. Rxf5 Rxa6 43. Kf2 Ra2+ 44. Kg3 Rb2 45. Re7 Rcc2 46.
Kf4 Rxg2 47. Rb7 Rb3 48. Ke4 Rg3 49. h4 Rb4+ 50. Ke5 Rxh4 51. Rxb6 Rc4 52. Rb7
Rc5+ 53. Ke6 Rxf5 54. Kxf5 Rxf3+ 55. Kg4 Rf1 56. Kh5 Rh1+ 57. Kg4 Rc1 58. Kh5
Rf1 59. Kg4 Kg6 60. Rb5 Rf7 61. Rb6+ Kh7 62. Rb5 g6 63. Kh4 Ra7 64. Rb4 h5 65.
Kg5 Ra5+ 66. Kf4 Kh6 67. Rb6 Ra4+ 68. Kg3 h4+ 69. Kh3 Kh5 70. Rb5+ g5 71. Rc5
Ra3+ 72. Kh2 h3 73. Rc4 g4 74. Rc2 Kh4 75. Rc4 Ra2+ 76. Kh1 h2 77. Rxg4+ Kh5
78. Rg2 Ra1+ 79. Kxh2 Kh4 80. Rg1 Ra2+ 81. Kh1 Kh5 82. Rg2 Ra3 83. Kh2 Kh4 84.
Kg1 Kh3 85. Rh2+ Kg3 86. Rg2+ Kf3 87. Rf2+ Ke4 88. Kg2 1/2-1/2

[Event "DEM U12w 2017"]
[Site "Willingen GER"]
[Date "2017.06.09"]
[Round "9"]
[White "Becker, Linda"]
[Black "Pflugradt, Natalie"]
[Result "1/2-1/2"]
[Termination "normal"]
[Board "17"]
[WhiteElo "1142"]
[BlackElo "1485"]
[PlyCount "57"]
[WhiteFideId "16244753"]
[BlackFideId "16212444"]
[EventCountry "GER"]
[EventRounds "11"]
[EventType "swiss"]
[EventDate "2017.06.03"]

1. e4 e5 2. Nf3 Nc6 3. d4 exd4 4. Nxd4 Bc5 5. Be3 Qf6 6. Nb5 Bxe3 7. fxe3 Qh4+
8. g3 Qd8 9. Qg4 g6 10. Qf4 d6 11. Bc4 Ne5 12. Rf1 Qe7 13. Bb3 Bh3 14. Rf2 g5
15. Nxc7+ Kd8 16. Nd5 gxf4 17. Nxe7 fxe3 18. Re2 Nxe7 19. Rxe3 Rf8 20. Nc3 f5
21. O-O-O Rf6 22. exf5 N7c6 23. Ne4 Rh6 24. Nxd6 Kc7 25. Nb5+ Kb6 26. Nd6 Rf8
27. Be6 Kc7 28. Nb5+ Kb8 29. Nd6 1/2-1/2

[Event "DEM U12w 2017"]
[Site "Willingen GER"]
[Date "2017.06.09"]
[Round "9"]
[White "Fayngold, Sophie"]
[Black "Avetyan, Manan"]
[Result "0-1"]
[Termination "normal"]
[Board "18"]
[WhiteElo "1139"]
[BlackElo "1284"]
[PlyCount "88"]
[BlackFideId "16244737"]
[EventCountry "GER"]
[EventRounds "11"]
[EventType "swiss"]
[EventDate "2017.06.03"]

1. e4 e5 2. Nf3 Nc6 3. Bc4 Be7 4. d3 Nf6 5. c3 d5 6. exd5 Nxd5 7. Bb3 Bf5 8.
Bc2 Qd6 9. O-O O-O 10. Re1 Rfe8 11. d4 Bxc2 12. Qxc2 Bf6 13. dxe5 Nxe5 14. Nxe5
Bxe5 15. g3 Re6 16. Nd2 Bxg3 17. Rxe6 Bxh2+ 18. Kf1 Qxe6 19. Nf3 Qh3+ 20. Ke2
Re8+ 21. Be3 Nxe3 22. fxe3 Qg2+ 23. Kd1 Qf1+ 24. Ne1 Rd8+ 25. Qd2 Rxd2+ 26.
Kxd2 f5 27. Rd1 f4 28. Kc1 fxe3 29. Rd8+ Kf7 30. Rd7+ Ke6 31. Rd3 Qxe1+ 32. Rd1
Qf2 33. Kb1 e2 34. Rc1 e1=R 35. Rxe1+ Qxe1+ 36. Kc2 g5 37. Kb3 g4 38. Kc4 g3
39. Kd3 g2 40. Kc2 g1=Q 41. Kb3 Qe4 42. a3 a5 43. Ka2 Qgb1+ 44. Kb3 a4# 0-1

[Event "DEM U12w 2017"]
[Site "Willingen GER"]
[Date "2017.06.09"]
[Round "9"]
[White "Gossing, Marie-Sophie"]
[Black "Yakovleva, Lara"]
[Result "1-0"]
[Termination "normal"]
[Board "19"]
[WhiteElo "1033"]
[BlackElo "944"]
[PlyCount "97"]
[WhiteFideId "16217284"]
[BlackFideId "16244788"]
[EventCountry "GER"]
[EventRounds "11"]
[EventType "swiss"]
[EventDate "2017.06.03"]

1. e4 e5 2. Nf3 Nc6 3. d4 exd4 4. Nxd4 Bc5 5. Be3 Qf6 6. c3 Nxd4 7. Bxd4 Bxd4
8. cxd4 d6 9. Bd3 Ne7 10. O-O O-O 11. Bc2 c5 12. Qh5 g6 13. e5 dxe5 14. Qxe5
Qxe5 15. dxe5 Bf5 16. Bb3 Rfd8 17. Nc3 Bd3 18. Rfe1 c4 19. Ba4 Bf5 20. b3 Rac8
21. Nb5 a6 22. Nd6 b5 23. Nxc8 Rxc8 24. Bxb5 axb5 25. bxc4 bxc4 26. a4 Nd5 27.
a5 Nb4 28. Rec1 Nd3 29. Rc3 Nxe5 30. a6 Nd7 31. Ra5 Be4 32. f3 Ba8 33. a7 Kg7
34. Kf2 Kf6 35. Ke3 Rc5 36. Ra6+ Rc6 37. Rxc6+ Bxc6 38. Rxc4 Bb7 39. Rc7 Bd5
40. Rxd7 Bc6 41. Rd6+ Ke7 42. Rxc6 Kd7 43. a8=Q Ke7 44. Ke4 h6 45. Qb7+ Kf8 46.
Rxg6 fxg6 47. Ke5 Kg8 48. Kf6 Kh8 49. Qg7# 1-0